00438 2200169 4500245004700000020002200047250001000069100002100079700001800100650002100118005001900139260005900158041001400217084001000231300001800241336000900259 aMakan Siang Untuk DodocCopy PenulishText a978-602-437-849-3 aCet.1 aFerdian Udiyanto aWenny Oktavia aCerita Bergambar a20240926121722 aJakartabBadan Pengembangan Bahasa dan Perbukuanc2019 aIndonesia a741.5 aiv :c23 hlm. atext